Twentieth-Century music: an introduction
Збережено в:
| Автор: | |
|---|---|
| Формат: | Книга |
| Мова: | Англійська |
| Опубліковано: |
Englewood Cliffs
Prentice-Hall
1967
|
| Серія: | Prentice Hall History of Music Series
|
| Предмети: | |
| Теги: |
Додати тег
Немає тегів, Будьте першим, хто поставить тег для цього запису!
|
MARC
| LEADER | 00000nam a2200000 a 4500 | ||
|---|---|---|---|
| 001 | UCW2521 | ||
| 003 | CL-VaPUC | ||
| 008 | 920610e19670000US |||||||||||||||||eng|d | ||
| 082 | 0 | 4 | |a 780.9 |b SAL |2 21 |
| 100 | 0 | |a Salzman, Eric |e author |9 306726 | |
| 245 | 1 | 0 | |a Twentieth-Century music: an introduction |
| 300 | |a 196 p | ||
| 942 | |c BK | ||
| 945 | |d 19920610 00:00:00 | ||
| 260 | |a Englewood Cliffs |b Prentice-Hall |c 1967 | ||
| 650 | 7 | |a MUSICA HISTORIA Y CRITICA SIGLO 20 |2 CL-VaPUC |9 306727 | |
| 583 | |a last modification |c 20120530 11:59:09 |k Rodrigo Vera | ||
| 490 | 0 | |a Prentice Hall History of Music Series | |
| 999 | |c 217060 |d 217058 | ||
| 952 | |0 0 |1 0 |4 0 |6 780_900000000000000_SAL_1967 |7 0 |8 A |9 203553 |a BIBEDU |b BIBEDU |d 2019-11-15 |i 2707918 |o 780.9 SAL 1967 |p 2707918 |r 2023-01-12 |w 2019-11-15 |y BK |k MUS | ||
| 952 | |0 0 |1 0 |4 0 |6 780_900000000000000_SAL_1967 |7 0 |8 A |9 203554 |a BIBEDU |b BIBEDU |d 2019-11-15 |i 1233521 |o 780.9 SAL 1967 |p 1233521 |r 2023-01-12 |w 2019-11-15 |y BK |k MUS | ||